| 000 | 00339cam a22001097a 4500 | ||
|---|---|---|---|
| 008 | 180718b1964 xxu||||| |||| 00| 0 eng d | ||
| 082 | _aT19x5421 In2j | ||
| 245 |
_aReport of joint study team, Uttar Pradesh _cby Planning Commission |
||
| 260 |
_aDelhi _bManager of Publications _c1964 |
||
| 300 | _a300+p | ||
| 700 | _aIndia. Planning Commission | ||
| 999 |
_c497317 _d497317 |
||